01694nam a2200265Ia 4500001000600000003000900006008004100015040001300056040001300069041001300082100001700095100002900112240002200141240003500163245005000198245005000248250001100298260001100309260001100320260004900331300005700380500093600437650002401373650003101397H5569IT-RoPAU130308s9999 xx 000 0 und d aIT-RoPAU cIT-RoPAU aITALIANO aChion Michel gCodice Aut. SPICS: 10243 aAUDIO-VISION (L') gCodice Tit. Orig. Spics: 99432 aAudiovisione suono e immagine nel cinema (L') bAudiovisione Suono e immagine nel Cinema (L') a1a ed. aTORINO bLindau c2001 [1° Ed.:2001 - Ed.Ling.Originale:1990] a"208 p. (prefazione: no ; testo: 208 [pagine: 0-0])" a"Introduzione. Contratto Audiovisivo: Proiezioni del Suono Sull'Immagine; tre Ascolti; linee e Punti; scena Audiovisiva; Reale e Resa; Audiovisione Vuota. al di Là dei Suoni e Immagini: Degno del Nome di Sonoro; Televisione,Clip, Video; Verso 1 Audio logo Visivo; Introduzione a Un'Analisi Audiovisiva. Bibliografia Generale. scopo di Questo Libro è Mostrare Come in Realtà, nella Combinazione Audiovisiva, una Percezione Influenzi l'altra e la Trasformi: Non si Vede la Stessa Cosa Quando si Sente; Non si sente la Stessa Cosa Quando di Vede. La presente Opera è al Tempo Stesso Teorica e Pratica, in Quanto, Descrivendo e Formulando Il Rapporto Audiovisivo Come Contratto (Vale a Dire Come Il Contrario di un Rapporto Naturale che Rimandi a Un'Armonia Preesistente tra le Percezioni), Essa Delinea un Metodo di Osservazione e di Analisi Suscettibile di Essere Applicato Ai Film, Alle Trasmissioni Televisive, Ai Video..." aSAGGI DI SEMIOLOGIA eCodice materia Spics: 3257